[Event "Minneapolis Knighter"]
[Site "Minneapolis"]
[Date "2012.06.20"]
[Round "9"]
[White "Dahl, Matthew D"]
[Black "Amarasinghe, Prashantha"]
[Result "1-0"]
[WhiteElo "2116"]
[BlackElo "2019"]
[PlyCount "35"]
[EventDate "2012.04.25"]
[EventType "tourn"]
[EventRounds "9"]
[EventCountry "USA"]
[SourceTitle "EXT 2013"]
[Source "ChessBase"]
[SourceDate "2012.11.22"]
[SourceVersion "1"]
[SourceVersionDate "2012.11.22"]
[SourceQuality "1"]

1. e4 d5 2. exd5 Qxd5 3. Nf3 Nf6 4. d4 Bg4 5. Be2 Nc6 6. c4 Qd6 7. Be3 0-0-0 8. d5 Bxf3 9. gxf3 Ne5 10. Nc3 Qb4 11. a3 Qd6 12. c5 Qd7 13. c6 Nxc6 14. dxc6 Qxc6 15. Qb3 a6 16. Rc1 Nd5 17. Nb5 Qe6 18. Na7+ 1-0

[Event "Minneapolis Knighter"]
[Site "Minneapolis"]
[Date "2012.06.06"]
[Round "7"]
[White "Radermacher, Timothy J"]
[Black "Dahl, Matthew D"]
[Result "0-1"]
[WhiteElo "2128"]
[BlackElo "2116"]
[PlyCount "78"]
[EventDate "2012.04.25"]
[EventType "tourn"]
[EventRounds "9"]
[EventCountry "USA"]
[SourceTitle "EXT 2013"]
[Source "ChessBase"]
[SourceDate "2012.11.22"]
[SourceVersion "1"]
[SourceVersionDate "2012.11.22"]
[SourceQuality "1"]

1. d4 d5 2. c4 e6 3. Nc3 Be7 4. Nf3 Nf6 5. Bg5 h6 6. Bxf6 Bxf6 7. e3 0-0 8. Qc2 b6 9. 0-0-0 c5 10. h4 Nc6 11. g4 cxd4 12. exd4 dxc4 13. Bxc4 Qc7 14. Qe4 Bb7 15. Nb5 Na5 16. Nxc7 Bxe4 17. Nxa8 Bxf3 18. Ba6 Bxh1 19. Rxh1 Rxa8 20. Kb1 b5 21. Bxb5 Rb8 22. Bd3 Bxd4 23. b3 Bxf2 24. g5 hxg5 25. hxg5 g6 26. Rc1 Nb7 27. Rc7 Nc5 28. Bc4 Ne4 29. Kc2 Nxg5 30. Kd3 Bb6 31. Rc6 Nf3 32. Ke4 Nd4 33. Rd6 Nf5 34. Rd7 g5 35. a4 g4 36. a5 Bxa5 37. Rxa7 Bb6 38. Ra2 g3 39. Rg2 Bf2 0-1

[Event "Chicago op 20th"]
[Site "Wheeling"]
[Date "2011.05.27"]
[Round "3"]
[White "Dahl, Matthew D"]
[Black "Mitkov, Nikola"]
[Result "0-1"]
[WhiteElo "2133"]
[BlackElo "2525"]
[PlyCount "106"]
[EventDate "2011.05.26"]
[EventType "swiss"]
[EventRounds "9"]
[EventCountry "USA"]
[SourceTitle "CBM 142 Extra"]
[Source "ChessBase"]
[SourceDate "2011.06.27"]
[SourceVersion "1"]
[SourceVersionDate "2011.06.27"]
[SourceQuality "1"]

1. e4 e5 2. Nf3 Nc6 3. Bb5 Nf6 4. d3 Bc5 5. 0-0 d6 6. c3 0-0 7. h3 Bb6 8. Re1 Ne7 9. Nbd2 c6 10. Ba4 Ng6 11. d4 Re8 12. Bc2 h6 13. Nf1 Be6 14. Be3 Qc7 15. Ng3 Rad8 16. Qe2 Bc8 17. Rad1 Qe7 18. dxe5 dxe5 19. Nf5 Qc7 20. Bxb6 axb6 21. g3 Rxd1 22. Rxd1 Bxf5 23. exf5 Nf8 24. Nd2 N8d7 25. Ne4 Nxe4 26. Bxe4 Nf6 27. Qd3 b5 28. c4 bxc4 29. Qxc4 Rd8 30. Rxd8+ Qxd8 31. Bf3 Qd2 32. Qb3 Qe1+ 33. Kg2 e4 34. Bg4 Qd2 35. Kf1 Nd5 36. Qc4 Qxb2 37. Qxe4 Nf6 38. Qa4 Qb1+ 39. Kg2 Qe4+ 40. Qxe4 Nxe4 41. a4 Kf8 42. a5 Nf6 43. Be2 Ke7 44. Kf3 Kd6 45. Bc4 Nd5 46. a6 bxa6 47. Bxa6 Ke5 48. Bb7 c5 49. Ke2 Kd4 50. Bxd5 Kxd5 51. Ke3 f6 52. Kd3 c4+ 53. Ke3 Kc5 0-1

[Event "Saint Paul 3rd"]
[Site "Saint Paul"]
[Date "2010.03.07"]
[Round "8"]
[White "Purcell, Brendan"]
[Black "Dahl, Matthew D"]
[Result "0-1"]
[WhiteElo "1997"]
[BlackElo "2054"]
[PlyCount "74"]
[EventDate "2010.02.27"]
[EventType "tourn"]
[EventRounds "9"]
[EventCountry "USA"]
[SourceTitle "CBM 135 Extra"]
[Source "ChessBase"]
[SourceDate "2010.05.04"]
[SourceVersion "1"]
[SourceVersionDate "2010.05.04"]
[SourceQuality "1"]

1. e4 d5 2. exd5 Qxd5 3. Nc3 Qa5 4. d4 Nf6 5. Nf3 c6 6. Bc4 Bf5 7. Bd2 e6 8. Qe2 Nbd7 9. 0-0-0 Bb4 10. Ne5 Nxe5 11. dxe5 Nd5 12. Ne4 Bxe4 13. Qxe4 Bxd2+ 14. Rxd2 0-0-0 15. Rhd1 g6 16. Bb3 Qc5 17. Rd4 Rd7 18. Qh4 h5 19. Rc4 Qe7 20. Qxe7 Nxe7 21. Rxd7 Kxd7 22. Rd4+ Kc7 23. Kd2 g5 24. Ke2 b5 25. c4 c5 26. Rd6 bxc4 27. Ba4 Rd8 28. Rxd8 Kxd8 29. Kf3 Ng6 30. Ke4 Nf4 31. h4 Nd3 32. hxg5 Nxf2+ 33. Ke3 Nd3 34. Bd1 h4 35. b3 Nxe5 36. Ke4 cxb3 37. axb3 Ng6 0-1

[Event "Saint Paul 3rd"]
[Site "Saint Paul"]
[Date "2010.03.06"]
[Round "7"]
[White "Dahl, Matthew D"]
[Black "Wasiluk, Kevin M"]
[Result "1/2-1/2"]
[WhiteElo "2054"]
[BlackElo "2214"]
[PlyCount "32"]
[EventDate "2010.02.27"]
[EventType "tourn"]
[EventRounds "9"]
[EventCountry "USA"]
[SourceTitle "CBM 135 Extra"]
[Source "ChessBase"]
[SourceDate "2010.05.04"]
[SourceVersion "1"]
[SourceVersionDate "2010.05.04"]
[SourceQuality "1"]

1. e4 d5 2. exd5 Qxd5 3. Nc3 Qd6 4. d4 c6 5. Nf3 Bf5 6. Bc4 Nf6 7. Ne5 e6 8. Bf4 Nbd7 9. 0-0 Nxe5 10. Bxe5 Qd8 11. Bd3 Bg6 12. Re1 Be7 13. Qf3 0-0 14. Bxg6 hxg6 15. Ne4 Nxe4 16. Qxe4 Qd5 1/2-1/2

[Event "US Open-110"]
[Site "Indianapolis"]
[Date "2009.08.02"]
[Round "2"]
[White "Dahl, Matthew D"]
[Black "Johnson, Klaus"]
[Result "1-0"]
[WhiteElo "2088"]
[BlackElo "1904"]
[PlyCount "53"]
[EventDate "2009.08.01"]
[EventType "swiss"]
[EventRounds "9"]
[EventCountry "USA"]
[SourceTitle "CBM 131 Extra"]
[Source "ChessBase"]
[SourceDate "2009.09.03"]
[SourceVersion "2"]
[SourceVersionDate "2009.09.16"]
[SourceQuality "1"]

1. e4 c5 2. c3 e6 3. d4 cxd4 4. cxd4 d5 5. e5 Nc6 6. a3 Nge7 7. b4 Nf5 8. Nf3 Qb6 9. Bb2 Be7 10. h4 h5 11. Bd3 g6 12. Bxf5 gxf5 13. Nc3 Bd7 14. Na4 Qb5 15. Nc3 Qb6 16. Qd2 0-0-0 17. Rc1 Kb8 18. Na4 Qb5 19. Nc5 Bc8 20. Bc3 Rdg8 21. a4 Qb6 22. b5 Bxc5 23. dxc5 Qxc5 24. Bd4 Qa3 25. bxc6 Rxg2 26. Bxa7+ Ka8 27. Bd4 1-0